MARC
|
|
|
|
| LEADER |
00000nam0a2200000 4500 |
| 001 |
168696 |
| 005 |
20231031163159.0 |
| 010 |
|
|
|a 5319000715
|
| 020 |
|
|
|a RU
|b 88-79385
|
| 035 |
|
|
|a (RuTPU)RU\TPU\book\183014
|
| 090 |
|
|
|a 168696
|
| 100 |
|
|
|a 20091030d1988 u y0rusy5003 ca
|
| 101 |
0 |
|
|a rus
|
| 102 |
|
|
|a UA
|
| 105 |
|
|
|a y z 000zy
|
| 200 |
1 |
|
|a Воля к жизни
|f Т. К. Гнедаш
|
| 205 |
|
|
|a 2-е изд., перераб.
|
| 210 |
|
|
|a Киев
|c Политиздат Украины
|d 1988
|
| 215 |
|
|
|a 155,[1] с., [4] л. ил.
|d 20 см
|
| 610 |
1 |
|
|a партизанское движение
|
| 610 |
1 |
|
|a Волынская губерния
|
| 610 |
1 |
|
|a воспоминания
|
| 610 |
1 |
|
|a записки
|
| 686 |
|
|
|a Т3(2)72
|2 rubbk
|
| 700 |
|
1 |
|a Гнедаш
|b Т. К.
|g Тимофей Константинович
|4 070
|
| 801 |
|
0 |
|a RU
|b RuMRKP
|c 19950417
|g psbo
|
| 801 |
|
1 |
|a RU
|b 63413507
|c 20091030
|
| 801 |
|
2 |
|a RU
|b 63413507
|c 20140228
|g RCR
|
| 942 |
|
|
|c BK
|